000 00675nam a2200277Ia 4500
005 20260324140142.0
008 008 260324s9999 xx 000 0 eng d
020 _a9780429442605
037 _aEBOOK
040 _aCRL
040 _beng
040 _cCRL
041 _2eng
041 _aeng
084 _qCRL
100 _aHarald Baldersheim; Krister Ståhlberg
_91203325
245 0 _aNordic Region-Building in a European Perspective
260 _bTaylor and Francis
260 _c1999
365 _a
365 _b150
856 _uhttp://www.taylorfrancis.com/books/9780429442605
942 _cEBOOK
999 _c1805078
_d1805078